| 000 | 00519nam a22001697a 4500 | ||
|---|---|---|---|
| 005 | 20231108140617.0 | ||
| 008 | 231108b |||||||| |||| 00| 0 eng d | ||
| 020 | _a0702130338 | ||
| 041 | _aEnglish | ||
| 082 | _a346.2 VAN | ||
| 100 |
_avan Deventer, R _lEnglish |
||
| 245 |
_aThe Law of Construction Contracts / _cR van Deventer |
||
| 260 |
_aCape Town : _bJuta and Company Ltd, _c1993 |
||
| 300 |
_bxviii, 381 pages ; _c26 cm. |
||
| 650 |
_aLegal practice _bLaw |
||
| 942 |
_cBK _6ALISON_BN_VRIES |
||
| 999 |
_c439 _d439 |
||